Destination Conscience (Record no. 81104)
[ view plain ]
| 000 -LEADER | |
|---|---|
| fixed length control field | 02687namaa2200397uu 4500 |
| 001 - CONTROL NUMBER | |
| control field | doab134915 |
| 003 - CONTROL NUMBER IDENTIFIER | |
| control field | oapen |
| 005 - DATE AND TIME OF LATEST TRANSACTION | |
| control field | 20260218110437.0 |
| 006 - FIXED-LENGTH DATA ELEMENTS--ADDITIONAL MATERIAL CHARACTERISTICS | |
| fixed length control field | m o d |
| 007 - PHYSICAL DESCRIPTION FIXED FIELD--GENERAL INFORMATION | |
| fixed length control field | cr|mn|---annan |
| 008 - FIXED-LENGTH DATA ELEMENTS--GENERAL INFORMATION | |
| fixed length control field | 240301s2024 xx |||||o ||| 0|eng d |
| 020 ## - INTERNATIONAL STANDARD BOOK NUMBER | |
| International Standard Book Number | 9781804559635 |
| 040 ## - CATALOGING SOURCE | |
| Original cataloging agency | oapen |
| Transcribing agency | oapen |
| Modifying agency | |
| 041 0# - LANGUAGE CODE | |
| Language code of text/sound track or separate title | eng |
| 042 ## - AUTHENTICATION CODE | |
| Authentication code | dc |
| 245 00 - TITLE STATEMENT | |
| Title | Destination Conscience |
| Remainder of title | Seeking Meaning and Purpose in the Travel Experience |
| 260 ## - PUBLICATION, DISTRIBUTION, ETC. | |
| Name of publisher, distributor, etc. | Emerald Publishing |
| Date of publication, distribution, etc. | 2024 |
| 300 ## - PHYSICAL DESCRIPTION | |
| Extent | 1 online resource (201 p.) |
| 336 ## - CONTENT TYPE | |
| Content type term | text |
| Content type code | txt |
| Source | rdacontent |
| 337 ## - MEDIA TYPE | |
| Media type term | computer |
| Media type code | c |
| Source | rdamedia |
| 338 ## - CARRIER TYPE | |
| Carrier type term | online resource |
| Carrier type code | cr |
| Source | rdacarrier |
| 490 1# - SERIES STATEMENT | |
| Series statement | New Perspectives in Tourism and Hospitality Management |
| 506 0# - RESTRICTIONS ON ACCESS NOTE | |
| Standardized terminology for access restriction | Unrestricted online access |
| Source of term | star |
| 520 ## - SUMMARY, ETC. | |
| Summary, etc. | The ebook edition of this title is Open Access and freely available to read online. In a fast paced and increasingly digital world, a higher degree of sensitivity, humaneness and care in dealing with each other and in addressing feelings of isolation, alienation and fear is necessary. Within this context, the realm of tourism stands as no exception. This edited collection defines the new concept of Destination Conscience within the domain of tourism. It sheds light on the growing need for authenticity, meaning and a ""human path"" on the visitors' side, and the ability to develop such sensitivity on the destinations' side in creating meaning and responsibility. Whether through spirituality, religion, nature, history, or the subtleties of daily life, this novel paradigm fosters destinations' capacities to create meaning-driven experiences for their guests. In addition to outlining and defining the new concept of destination conscience, the inter-disciplinary approach and selected case studies and illustrative examples make Destination Conscience attractive to a variety of readers including researchers, practitioners, and postgraduate students in the fields of tourism management, spiritual and religious tourism, social sustainability, human and urban geography. |
| 540 ## - TERMS GOVERNING USE AND REPRODUCTION NOTE | |
| Terms governing use and reproduction | Creative Commons |
| -- | https://creativecommons.org/licenses/by/4.0/ |
| -- | cc |
| Uniform Resource Identifier | <a href="https://creativecommons.org/licenses/by/4.0/">https://creativecommons.org/licenses/by/4.0/</a> |
| 546 ## - LANGUAGE NOTE | |
| Language note | English |
| 720 1# - ADDED ENTRY--UNCONTROLLED NAME | |
| Name | Pechlaner, Harald |
| Relator code | edt |
| 720 1# - ADDED ENTRY--UNCONTROLLED NAME | |
| Name | Isetti , Giulia |
| Relator code | edt |
| 720 1# - ADDED ENTRY--UNCONTROLLED NAME | |
| Name | Isetti , Giulia |
| Relator code | oth |
| 720 1# - ADDED ENTRY--UNCONTROLLED NAME | |
| Name | Olbrich, Natalie |
| Relator code | edt |
| 720 1# - ADDED ENTRY--UNCONTROLLED NAME | |
| Name | Olbrich, Natalie |
| Relator code | oth |
| 720 1# - ADDED ENTRY--UNCONTROLLED NAME | |
| Name | Pechlaner, Harald |
| Relator code | oth |
| 793 0# - | |
| -- | DOAB Library. |
| 856 ## - ELECTRONIC LOCATION AND ACCESS | |
| Uniform Resource Identifier | <a href="https://docs.google.com/spreadsheets/d/1yKIrdCPDAG_9c22mwoOIO2DOhtj65Wqa/edit?usp=sharing&ouid=106555315294820607512&rtpof=true&sd=true ">https://docs.google.com/spreadsheets/d/1yKIrdCPDAG_9c22mwoOIO2DOhtj65Wqa/edit?usp=sharing&ouid=106555315294820607512&rtpof=true&sd=true </a> |
| Link text | List of Curated E-Books |
| 942 ## - ADDED ENTRY ELEMENTS (KOHA) | |
| Koha item type | E-Book |
| Withdrawn status | Damaged status | Not for loan | Home library | Current library | Date acquired | Total Checkouts | Date last seen | Price effective from | Koha item type |
|---|---|---|---|---|---|---|---|---|---|
| Directory of Open Access Books | Directory of Open Access Books | 12/09/2024 | 12/09/2024 | 12/09/2024 | E-Book |